Σχεδιασμός και ανάπτυξη υποδομής χωρικών και περιβαλλοντικών δεδομένων για την υποστήριξη της εκπαίδευσης : μεταπτυχιακή εργασία

Αποθηκεύτηκε σε:
Λεπτομέρειες βιβλιογραφικής εγγραφής
Κύριος συγγραφέας: Κουκουρουβλή, Νικολέττα
Συγγραφή απο Οργανισμό/Αρχή: Πανεπιστήμιο Αιγαίου Σχολή Κοινωνικών Επιστημών Τμήμα Γεωγραφίας Μεταπτυχιακό Πρόγραμμα Σπουδών Γεωγραφία και Εφαρμοσμένη Γεωπληροφορική
Άλλοι συγγραφείς: Βαϊτης, Μιχάλης (Εισηγητής διατριβής)
Μορφή: Thesis Βιβλίο
Γλώσσα:Greek
Δημοσίευση: 2008
Θέματα:
Διαθέσιμο Online:http://hdl.handle.net/11610/11280
Ετικέτες: Προσθήκη ετικέτας
Δεν υπάρχουν, Καταχωρήστε ετικέτα πρώτοι!

MARC

LEADER 00000cam a2200000 i 4500
001 1/8916
008 100705s2008 gre d
035 |l 10108437 
040 |a GR-MY-UA  |b gre  |e aacr 
041 0 |a gre 
082 0 |a 005.758  |2 (22) 
100 1 |a Κουκουρουβλή, Νικολέττα. 
245 1 0 |a Σχεδιασμός και ανάπτυξη υποδομής χωρικών και περιβαλλοντικών δεδομένων για την υποστήριξη της εκπαίδευσης :  |b μεταπτυχιακή εργασία /  |c της Κουκουρουβλή Νικολέττας ; [επιβλέπων καθηγητής: Βαΐτης Μιχαήλ 
260 |c 2008 
300 |a 99 σ.;  |c 30 εκ. 
500 |a Βιβλιογραφία: σ. 67-68, παράρτημα 
502 |a Διατριβή (μεταπτυχιακή) – Πανεπιστήμιο Αιγαίου, Λέσβος, 2008. 
650 0 0 |a Web databases  |x Design. 
650 0 0 |a Databases  |x Design. 
650 0 0 |a Geographic information systems  |x Databases. 
650 0 0 |a Dissertations, Academic  |z Greece. 
700 1 |a Βαϊτης, Μιχάλης.  |4 ths 
710 2 |a Πανεπιστήμιο Αιγαίου  |b Σχολή Κοινωνικών Επιστημών  |b Τμήμα Γεωγραφίας  |b Μεταπτυχιακό Πρόγραμμα Σπουδών Γεωγραφία και Εφαρμοσμένη Γεωπληροφορική. 
852 |a INST  |b LESVOS  |c DIATR  |e 20100705  |h 35  |p 005100048326  |q 005100048326  |t MTXE  |y 23 
852 |a INST  |b LESVOS  |c DIATR  |e 20100705  |h 36  |p 005100048327  |q 005100048327  |t MTXE  |y 23 
856 |u http://hdl.handle.net/11610/11280 
901 |a BIBL1-2010-2 
909 |a Λ  |b 165063 
909 |a Λ  |b 165064 
924 |a ΚΟΥΚΟΥΡΟΥΒΛΗ  |b ΝΙΚΟΛΕΤΤΑ  |y ΛΕΣΒΟΣ  |z 2008-12 
970 |a ΤΖΑΦΕΡΗ  |b ΕΥΑΓΓΕΛΙΑ  |z 2010/07/05